📖 150 premiers mots "HĂ©sitation" (Twilight T.3) S. Meyer - Statistiques

Statistiques générales
  • Ce quiz a Ă©tĂ© pris 133 fois
  • Le rĂ©sultat moyen est 74 sur 150
Statistiques - réponses
Mots % Correct
Ă 
96%
a
96%
j'
96%
Jacob.
96%
l'
96%
s'
94%
d'
91%
Je
91%
je
91%
Charlie
90%
le
89%
de
88%
n'
87%
me
84%
la
83%
il
80%
Il
80%
sa
80%
ne
77%
pas
77%
Bella,
74%
Billy,
74%
qu'
73%
se
73%
des
72%
que
71%
les
70%
oĂč
70%
pour
70%
est
69%
Ça
68%
tu
68%
Tu
68%
un
68%
y
68%
suis
67%
une
64%
te
62%
mais
61%
si
60%
Si
60%
nous
57%
Mes
56%
peux
55%
sais
55%
avais
52%
avec
46%
ĂȘtre
46%
plus
45%
ton
45%
as
44%
Dans
44%
fait
43%
sur
40%
autre
39%
rien.
39%
avait
38%
comme
38%
impossible
36%
quand
35%
quel
34%
amis
33%
aux
33%
toi
32%
pourquoi
31%
alors
28%
change
28%
deux
28%
choix,
27%
solution
27%
comprends
26%
étions
26%
envie
23%
mot
23%
école
22%
manques
22%
temps
22%
aussi.
21%
encore
21%
parler,
21%
Oui,
20%
Désolé.
19%
passes
18%
Penser
18%
primaire.
18%
trop
17%
Beaucoup.
15%
souvent
15%
accord ?
14%
doigts
14%
nul,
14%
écris
12%
fort
12%
papier
12%
aggraver
11%
feuille,
11%
gagner
11%
obliges
11%
situation,
11%
bande
10%
notes
10%
tableaux,
10%
appuyé
9%
compliqué
9%
Écoute,
9%
"ennemis
9%
porter
9%
répondrais
9%
caressĂšrent
7%
imaginais ...
7%
mortels",
7%
plume
7%
arrĂȘtant
6%
déchirer.
6%
failli
6%
creux
1%
Aucun quiz correspondant
Distribution des résultats
% des personnes avec chaque résultat
Percentile par nombre de réponses
Votre historique - résultats
Vous n’avez pas pris ce quiz